Pramanik Aalekhan or Tippan (Record no. 4602)
[ view plain ]
| 000 -LEADER | |
|---|---|
| fixed length control field | 00313nam a2200133Ia 4500 |
| 008 - FIXED-LENGTH DATA ELEMENTS--GENERAL INFORMATION | |
| fixed length control field | 191201s2008 xx 000 0 und d |
| 082 ## - DEWEY DECIMAL CLASSIFICATION NUMBER | |
| Classification number | 491.435 |
| Item number | VIP |
| 100 ## - MAIN ENTRY--PERSONAL NAME | |
| Personal name | VIRAJ, M A |
| 245 #0 - TITLE STATEMENT | |
| Title | Pramanik Aalekhan or Tippan |
| 260 ## - PUBLICATION, DISTRIBUTION, ETC. (IMPRINT) | |
| Place of publication, distribution, etc | Dehli |
| Name of publisher, distributor, etc | Rajpal & sons |
| Date of publication, distribution, etc | 2008 |
| 300 ## - PHYSICAL DESCRIPTION | |
| Extent | 192 |
| 650 ## - SUBJECT ADDED ENTRY--TOPICAL TERM | |
| Topical term or geographic name as entry element | BBA |
| 942 ## - ADDED ENTRY ELEMENTS (KOHA) | |
| Source of classification or shelving scheme | Dewey Decimal Classification |
| Koha item type | Text Books |
| Withdrawn status | Lost status | Source of classification or shelving scheme | Damaged status | Not for loan | Collection code | Home library | Current library | Date acquired | Source of acquisition | Cost, normal purchase price | Bill Number | Total Checkouts | Full call number | Acc. no. / Barcode | Date last seen | Bill Date | Koha item type | Public note | Checked out | Date last borrowed |
|---|---|---|---|---|---|---|---|---|---|---|---|---|---|---|---|---|---|---|---|---|
| Dewey Decimal Classification | GENERAL | PIET C-LIBRARY | PIET C-LIBRARY | 20/07/2010 | Mittal book depot Samalkha | 45.00 | 214 | 491.435 VIP | 16053 | 04/12/2019 | 19/07/2010 | Text Books | ||||||||
| Dewey Decimal Classification | GENERAL | PIET C-LIBRARY | PIET C-LIBRARY | 20/07/2010 | Mittal book depot Samalkha | 45.00 | 214 | 491.435 VIP | 16054 | 04/12/2019 | 19/07/2010 | Text Books | History and Culture | |||||||
| Dewey Decimal Classification | GENERAL | PIET C-LIBRARY | PIET C-LIBRARY | 20/07/2010 | Mittal book depot Samalkha | 45.00 | 214 | 491.435 VIP | 16055 | 04/12/2019 | 19/07/2010 | Text Books | History and Culture | |||||||
| Dewey Decimal Classification | GENERAL | PIET C-LIBRARY | PIET C-LIBRARY | 20/07/2010 | Mittal book depot Samalkha | 45.00 | 214 | 1 | 491.435 VIP | 16056 | 27/01/2021 | 19/07/2010 | Text Books | 26/07/2021 | 27/01/2021 | |||||
| Dewey Decimal Classification | GENERAL | PIET C-LIBRARY | PIET C-LIBRARY | 20/07/2010 | Mittal book depot Samalkha | 45.00 | 214 | 491.435 VIP | 16057 | 04/12/2019 | 19/07/2010 | Text Books | History and Culture | |||||||
| Dewey Decimal Classification | GENERAL | PIET C-LIBRARY | PIET C-LIBRARY | 20/07/2010 | Mittal book depot Samalkha | 45.00 | 214 | 491.435 VIP | 16058 | 04/12/2019 | 19/07/2010 | Text Books | History and Culture |